[Event "Manhattan CC"]
[Site "New York"]
[Date "1989.??.??"]
[Round "?"]
[White "Shirazi, Kamran G"]
[Black "Kamsky, Gata"]
[Result "0-1"]
[WhiteElo "2395"]
[BlackElo "2345"]

1.c4 e5 2.Nc3 Nc6 3.g3 g6 4.Bg2 Bg7 5.e3 f5 6.Nge2 Nf6 7.d4 d6 8.O-O O-O
9.b3 e4 10.Nf4 Ne7 11.f3 exf3 12.Bxf3 Rb8 13.a4 Bd7 14.Ra2 Kh8 15.Ba3 Rf7
16.h4 Neg8 17.Re2 Nh6 18.Qd2 a6 19.Bb2 Qf8 20.Rfe1 b6 21.e4 fxe4 22.Nxe4 Nxe4
23.Bxe4 Re8 24.Bd5 Rfe7 25.Be6 Bxe6 26.Nxe6 Qf3 27.d5 Rxe6 28.Rxe6 Qxg3+
29.Qg2 Qxe1+ 30.Rxe1 Rxe1+ 31.Kf2 Re7 32.Bxg7+ Kxg7 33.a5 bxa5 34.h5 Ng8
35.hxg6 hxg6 36.Qh1 Nf6 37.Qa1 g5 38.Qxa5 Kg6 39.Qxa6 g4 40.Qc8 Kg5 41.Qf8 Rh7
42.Kg2 Kf5 43.b4 Ke5 44.Qc8 Rd7 45.Qh8 Rh7 46.Qf8 Rd7 47.Qh6 Kf5 48.Qh8 Re7
49.Qf8 Rd7 50.Kg3 Kg5 51.Qc8 Kf5 52.c5 Ke5 53.c6 Re7 54.Qh8 Rh7 55.Qd8 Rf7
56.b5 Nxd5 57.Qd7 Rf3+ 58.Kxg4 Rb3 59.Qg7+ Ke4 60.Qh7+ Kd4 61.Kf5 Rxb5 62.Ke6 Kc5
63.Qc2+ Kb6 64.Kd7 Nf6+ 65.Kc8 Nd5 66.Qc4 Ne7+ 67.Kd7 Nd5 68.Qd4+ Rc5 69.Qh8 Kb5
70.Qb8+ Nb6+ 71.Kxc7 Rxc6+ 72.Kb7 Nc4 73.Qd8 Na5+ 74.Ka7 d5 75.Qd7 Kc4 76.Qg4+ Kb5
77.Qf5 Rd6 78.Qd3+ Nc4 79.Qd4 Rd7+ 80.Kb8 Kc6 81.Qf6+ Kc5 82.Kc8 Rd6 83.Qg5 Kb4
84.Qg3 d4 85.Qd3 Kc5 86.Kc7 Rd5 87.Kb7 Re5 88.Qb1 Re3 89.Qf5+ Kb4 90.Qb1+ Rb3
91.Qe1+ Kc5+ 92.Kc7 Re3 93.Qf2 Kb4 94.Qf8+ Kb3 95.Qb8+ Kc2 96.Qb4 Rb3 97.Qe1 d3
98.Qe4 Kb2 99.Qd4+ Rc3 100.Kc6 d2 101.Kb5 Kb3 102.Qd5 Rc1 103.Qd3+ Ka2 104.Qe2 Ka1
105.Qg2 d1=Q  0-1

[Event "Val Thorens op2"]
[Site "Val Thorens"]
[Date "1989.??.??"]
[Round "7"]
[White "Tompa, Janos"]
[Black "Kamsky, Gata"]
[Result "1/2-1/2"]
[WhiteElo "2395"]
[BlackElo "2345"]

1.e4 e5 2.Nf3 Nc6 3.Bb5 g6 4.c3 a6 5.Bc4 Bg7 6.d4 d6 7.Bg5 f6 8.Be3 Nh6 9.h3 Qe7
10.dxe5 fxe5 11.Bg5 Qd7 12.a4 Nf7 13.Bh4 h6 14.Bg3 O-O 15.Nbd2 Nd8 16.Nf1 Kh7
17.h4 Ne6 18.h5 g5 19.Ne3 Nf4 20.Nh2 Qe8 21.Be2 Qc6 22.Qc2 Nxe2 23.Kxe2 Nd8
24.f3 Ne6 25.Nhg4 b6 26.Kf2 Nc5 27.Ke2 Be6 28.b4 Nd7 29.Qd3 Rf7 30.Nd5 Nf8
31.Nge3 Bc8 32.Bf2 Ne6 33.g3 Bb7 34.b5 Qd7 35.Nf5 a5 36.Be3 Re8 37.Kf2 Bh8
38.Rad1 Bg7  1/2-1/2

[Event "Tilburg"]
[Site "Tilburg"]
[Date "1991.??.??"]
[Round "8"]
[White "Kamsky, Gata"]
[Black "Kortschnoj, Viktor"]
[Result "1/2-1/2"]
[WhiteElo "2595"]
[BlackElo "2610"]

1.e4 e6 2.d4 d5 3.Nc3 dxe4 4.Nxe4 Nd7 5.Nf3 Ngf6 6.Nxf6+ Nxf6 7.Bd3 b6 8.Qe2 Bb7
9.c3 Be7 10.Bg5 h6 11.Bh4 Qd5 12.Ne5 Nd7 13.Bxe7 Nxe5 14.dxe5 Qxg2 15.O-O-O Kxe7
16.Rhg1 Qxh2 17.Qe3 g5 18.Rg4 Rad8 19.f4 Qh5 20.Rdg1 Rhg8 21.Be2 gxf4 22.Qxf4 Rxg4
23.Qf6+ Kd7 24.Rd1+ Bd5 25.Bb5+ Kc8 26.Ba6+ Kd7 27.Rxd5+ exd5 28.Bb5+  1/2-1/2

[Event "Groningen PCA"]
[Site "Groningen"]
[Date "1993.??.??"]
[Round "2"]
[White "Kamsky, Gata"]
[Black "Serper, Grigory"]
[Result "1/2-1/2"]
[WhiteElo "2645"]
[BlackElo "2575"]

1.d4 d5 2.c4 c6 3.Nc3 Nf6 4.Nf3 e6 5.Bg5 dxc4 6.e4 b5 7.e5 h6 8.Bh4 g5 9.Nxg5 hxg5
10.Bxg5 Nbd7 11.g3 Rg8 12.h4 Rxg5 13.hxg5 Nd5 14.g6 fxg6 15.Qg4 Qe7 16.Rh8 Nxc3
17.bxc3 Qf7 18.Bg2 Bb7 19.Be4 O-O-O 20.Bxg6 Qe7 21.a4 a6 22.Rh7 Bg7 23.Be4 Rg8
24.Qf3 Kc7 25.axb5 axb5 26.Rh4 Rf8 27.Rf4 Bh6 28.Rxf8 Bxf8 29.Ke2 Bh6 30.Rh1 Qa3
31.Rxh6 Qb2+ 32.Kd1 Qa1+ 33.Kd2 Qb2+ 34.Bc2 c5 35.d5 Bxd5 36.Qe3 b4 37.cxb4 cxb4
38.Qa7+ Kc6 39.Qa4+ Kb6 40.Qxd7 Qc3+ 41.Kc1 Qe1+ 42.Bd1 Qc3+ 43.Bc2 Qa1+
44.Kd2 Qc3+ 45.Kc1  1/2-1/2

[Event "Madrid"]
[Site "Madrid"]
[Date "1994.??.??"]
[Round "2"]
[White "Sokolov, Ivan"]
[Black "Kamsky, Gata"]
[Result "1/2-1/2"]
[WhiteElo "2650"]
[BlackElo "2695"]

1.d4 Nf6 2.c4 e6 3.Nc3 Bb4 4.Qc2 O-O 5.a3 Bxc3+ 6.Qxc3 b6 7.Bg5 c5 8.dxc5 bxc5
9.e3 d6 10.Bd3 Nbd7 11.Ne2 h6 12.Bh4 Rb8 13.Bg3 Qb6 14.O-O Nh5 15.Rab1 Nxg3
16.hxg3 Ne5 17.Bc2 Ba6 18.b3 Qc7 19.Rfe1 Bb7 20.Rbd1 Rfd8 21.Nf4 Qe7 22.Nd3 Ng4
23.f3 Nf6 24.Nf2 d5 25.cxd5 exd5 26.b4 cxb4 27.Qxb4 Qc7 28.Qa4 Qxg3 29.Qxa7 d4
30.e4 Qc7 31.Qa4 Ra8 32.Qb3 Nh5 33.Bd3 Nf4 34.Bf1 Ba6 35.e5 Bxf1 36.Kxf1 Qe7
37.Re4 Rxa3 38.Qb2 Ne6 39.f4 Qa7 40.f5 Ra2 41.Qc1 Ng5 42.Ree1 Qa6+ 43.Kg1 d3
44.Qe3 d2 45.Re2 Ra3 46.Rdxd2 Rxd2 47.Qxd2 Qb6 48.Kh2 Qb3 49.Qf4 Ra4 50.Qg3 Qc4
51.Re1 Qf4 52.e6 Qxg3+ 53.Kxg3 fxe6 54.fxe6 Kf8 55.Nh3 Ra3+ 56.Kg4 Nxh3 57.e7+ Ke8
58.gxh3 Ra7 59.h4 Rxe7 60.Rxe7+ Kxe7 61.Kf5  1/2-1/2

[Event "Groningen"]
[Site "Groningen"]
[Date "1995.??.??"]
[Round "3"]
[White "Van Wely, Loek"]
[Black "Kamsky, Gata"]
[Result "1/2-1/2"]
[WhiteElo "2585"]
[BlackElo "2735"]

1.d4 Nf6 2.c4 g6 3.Nc3 d5 4.Nf3 Bg7 5.Bf4 c5 6.dxc5 Qa5 7.cxd5 Nxd5 8.Qxd5 Bxc3+
9.Bd2 Be6 10.Qxb7 Bxd2+ 11.Nxd2 O-O 12.b4 Qa4 13.e3 Nd7 14.a3 Rfd8 15.Qa6 Qc2
16.Qd3 Qa4 17.Qc3 a5 18.Rc1 axb4 19.axb4 Nf6 20.Bc4 Bxc4 21.Qxc4 Nd5 22.Rb1 Qa2
23.c6 Nxe3 24.Qxa2 Rxa2 25.c7 Nc2+ 26.Kd1 Rc8 27.h4 Rxc7 28.Rc1 Rd7 29.Rxc2 Ra1+
30.Rc1 Ra2 31.Rc2 Ra1+  1/2-1/2

[Event "HB Global CC"]
[Site "Minneapolis USA"]
[Date "2005.05.22"]
[Round "9"]
[White "Adianto,U"]
[Black "Kamsky,G"]
[Result "0-1"]
[WhiteElo "2588"]
[BlackElo "2700"]

1.e4 c5 2.Nf3 e6 3.c3 d5 4.e5 d4 5.Bd3 Nc6 6.O-O Nge7 7.Na3 Ng6 8.Re1 Be7
9.cxd4 cxd4 10.Nc4 Nb4 11.Bxg6 hxg6 12.a3 Nc6 13.d3 b5 14.Ncd2 Bb7 15.Ne4 Qd5
16.Ng3 f6 17.Re4 g5 18.h3 f5 19.Re2 Nd8 20.Rc2 Nf7 21.Rc7 Rc8 22.Rxc8+ Bxc8
23.Qe2 Bb7 24.Bd2 Bc5 25.Rc1 Bb6 26.Bb4 Kd7 27.Bd2 g6 28.a4 a6 29.axb5 axb5
30.Ra1 Ra8 31.Rxa8 Bxa8 32.Qe1 Bc7 33.Qf1 Nxe5 34.Nxg5 Nxd3 35.Nh7 Ke7 36.f3 Qb3
37.Kh2 Bd5 38.Bg5+ Kf7 39.Nf6 Bc4 40.h4 Qxb2 41.h5 gxh5 42.Nxh5 Nf4  0-1

[Event "9th Open"]
[Site "Foxwoods USA"]
[Date "2007.04.06"]
[Round "5"]
[White "Kamsky,G"]
[Black "Kraai,J"]
[Result "1-0"]
[WhiteElo "2705"]
[BlackElo "2477"]

1.e4 e6 2.d4 d5 3.Nc3 Nf6 4.e5 Nfd7 5.f4 c5 6.Nf3 Nc6 7.Be3 Qb6 8.Na4 Qa5+
9.c3 cxd4 10.b4 Nxb4 11.cxb4 Bxb4+ 12.Bd2 Bxd2+ 13.Nxd2 b6 14.Bd3 Ba6 15.Nb2 Nc5
16.Bxa6 Qxa6 17.Qe2 Qa3 18.Qb5+ Ke7 19.O-O Qe3+ 20.Rf2 Rhc8 21.Rf1 f5 22.exf6+ gxf6
23.Nd1 Qd3 24.Qb2 Nd7 25.Nf3 e5 26.fxe5 fxe5 27.Re2 Kd6 28.Nf2 Qc3 29.Qb1 d3
30.Nxd3 e4 31.Nf4 Rc5 32.Ng5 Re8 33.Rd1 Nf6 34.Nxe4+  1-0

[Event "5th FIDE GP"]
[Site "Jermuk ARM"]
[Date "2009.08.20"]
[Round "10"]
[White "Kamsky,G"]
[Black "Kasimdzhanov,R"]
[Result "1/2-1/2"]
[WhiteElo "2717"]
[BlackElo "2672"]

1.e4 e5 2.Nf3 Nf6 3.Nxe5 d6 4.Nf3 Nxe4 5.Nc3 Nxc3 6.dxc3 Be7 7.Be3 Nc6 8.Qd5 Bf6
9.O-O-O Ne7 10.Qh5 O-O 11.Ng5 Bf5 12.Bd3 Bxg5 13.Bxg5 Bxd3 14.Rxd3 f6 15.Bd2 Qe8
16.Qh3 Qf7 17.b3 Rae8 18.Re1 Ng6 19.Rde3 Re5 20.g3 d5 21.f4 Rxe3 22.Rxe3 Re8
23.Qf5 c6 24.Qd3 a6 25.a4 Rxe3 26.Bxe3 Nf8 27.Qd4 Qe6 28.Qa7 Qc8 29.Kb2 h5
30.Bc5 Ne6 31.Bd6 Kf7 32.h3 g6 33.g4 hxg4 34.hxg4 Ng7 35.a5 f5 36.g5 Nh5
37.Be5 Ng3 38.Qd4 Qe6 39.Qf2 Nh5 40.Qb6 Qd7 41.Qd4 Qe6 42.Qb4 Qe7 43.Bd6 Qd7
44.c4 dxc4 45.Qxc4+ Qe6 46.Qb4 Qd7 47.Qd4 Kg8 48.Qc4+ Qf7 49.Qc5 Qd7 50.Be5 Kf7
51.Qe3 Qe7 52.Qd4 Ke8 53.Qa7 Kf7 54.Qb8 Ke6 55.Bc7 Qd7 56.Bb6 Qg7+ 57.c3 Kd5
58.Qe8 Nxf4 59.Bd4 Qc7 60.Qe3 c5 61.c4+ Kc6 62.Qf3+ Kd7 63.Bf6 Ke8 64.Qh1 Ne6
65.Qh8+ Nf8 66.Bg7 Qf7 67.Kc2 f4 68.Bxf8 Qxf8 69.Qxf8+ Kxf8 70.Kd3 Ke7 71.Ke4 Kd6
72.Kxf4 Ke6 73.Ke4  1/2-1/2

[Event "39th World Open"]
[Site "Philadelphia USA"]
[Date "2011.07.01"]
[Round "2"]
[White "Yang,Dar"]
[Black "Kamsky,G"]
[Result "0-1"]
[WhiteElo "2432"]
[BlackElo "2732"]

1.d4 Nf6 2.c4 e6 3.Nc3 Bb4 4.e3 c5 5.Ne2 d6 6.a3 Ba5 7.Rb1 Nc6 8.g3 e5 9.d5 Ne7
10.b4 Bb6 11.Bg2 h5 12.O-O h4 13.b5 hxg3 14.hxg3 Nf5 15.e4 Nd4 16.Bg5 Bh3
17.Bxh3 Nf3+ 18.Kg2 Nxg5 19.Rh1 Ke7 20.Bf5 g6 21.Qd2 Ngh7 22.Bh3 Ba5 23.Qe3 Kf8
24.Qh6+ Ke8 25.Qe3 Qe7 26.f3 Kd8 27.Na2 Kc7 28.Nac1 Raf8 29.Nb3 Bb6 30.a4 Kb8
31.a5 Bd8 32.a6 b6 33.Nd2 Nh5 34.Bg4 Ng7 35.f4 exf4 36.Nxf4 Re8 37.Rbe1 Nf6
38.Bf3 Rxh1 39.Kxh1 Nf5 40.Qf2 Nd4 41.Nd3 Qd7 42.Kg1 Nh7 43.e5 Ng5 44.Bg2 Qg4
45.e6 fxe6 46.Qf4 Nh3+ 47.Bxh3 Qxh3 48.dxe6 Rxe6 49.Rxe6 Qxe6 50.Qe4 Qxe4
51.Nxe4 d5 52.cxd5 Nxb5 53.Ne5 Bc7 54.Nxg6 Nd6 55.Nxd6 Bxd6 56.Kf2 b5 57.Nf4 b4
58.Ke2 b3 59.Kd2 c4 60.Ne2 Be5 61.g4 Kc7 62.g5 Kd6 63.g6 Kxd5  0-1

[Event "29th ECC Open 2013"]
[Site "Rhodes GRE"]
[Date "2013.10.22"]
[Round "3.1"]
[White "Godena,M"]
[Black "Kamsky,G"]
[Result "0-1"]
[WhiteElo "2514"]
[BlackElo "2725"]

1.e4 c6 2.d4 d5 3.Nd2 dxe4 4.Nxe4 Nd7 5.Bc4 Ndf6 6.Ng5 Nd5 7.N5f3 g6 8.Ne5 Bg7
9.Ngf3 Nh6 10.O-O O-O 11.Re1 Nf5 12.c3 a5 13.Bf1 Qe8 14.Bd2 f6 15.Nd3 Qf7
16.Qe2 b6 17.Rad1 Re8 18.Bc1 Nd6 19.h3 g5 20.Nd2 Bf5 21.c4 Nc7 22.Qf3 Ne6
23.Qe3 h5 24.b3 Qg6 25.Bb2 Bh6 26.d5 cxd5 27.cxd5 g4 28.Qg3 Ng7 29.hxg4 hxg4
30.Rxe7 Rxe7 31.Qxd6 Rd7 32.Qc6 Re8 33.Nc4 g3 34.Nxb6 Qh5 35.fxg3 Qxd1 36.Nxd7 Be3+
37.Nf2 Qd2 38.Nxf6+ Kf7 39.Ng4 Bxf2+ 40.Nxf2 Qxb2 41.g4 Bc8 42.Qc5 Qe5 43.Qxa5 Qd4
44.Qc7+ Kg8 45.Qc4 Qa7 46.b4 Bd7 47.g5 Re1 48.d6+ Ne6 49.g6 Qe3 50.Qh4 Ng5
51.a4 Kg7 52.b5 Kxg6 53.Qh8 Nh3+  0-1

[Event "24th Chicago Open 2015"]
[Site "Chicago USA"]
[Date "2015.05.23"]
[Round "5.3"]
[White "Kamsky,G"]
[Black "Molner,M"]
[Result "1-0"]
[WhiteElo "2673"]
[BlackElo "2507"]

1.e4 c5 2.Nf3 d6 3.Bb5+ Nd7 4.O-O Nf6 5.Re1 a6 6.Bd3 e5 7.c3 Be7 8.Bc2 O-O
9.d4 b5 10.Nbd2 Bb7 11.d5 g6 12.b3 Ne8 13.Nf1 Ng7 14.Bh6 Nf6 15.Ne3 Bc8 16.a4 Bd7
17.Nxe5 dxe5 18.d6 Bc6 19.dxe7 Qxe7 20.Qf3 Qe6 21.c4 bxc4 22.Nxc4 Ng4 23.Bxg7 Kxg7
24.Qc3 f6 25.Rad1 Rfd8 26.Nb6 Rab8 27.Qxc5 Nh6 28.a5 Bb5 29.Qc3 Nf7 30.b4 Qc6
31.Qxc6 Bxc6 32.f3 Bb5 33.Bb3 Rb7 34.Bd5 Re7 35.Rc1 Ng5 36.h4 Ne6 37.Rc8 Rd6
38.Kh2 Nf4 39.Rg8+ Kh6 40.Nc8 Rxd5 41.exd5 Rc7 42.Nd6 Nxd5 43.g4 Nxb4 44.Ne4  1-0

[Event "8th New York Int 2015"]
[Site "New York USA"]
[Date "2015.07.15"]
[Round "1"]
[White "Barrett,S"]
[Black "Kamsky,G"]
[Result "0-1"]
[WhiteElo "2202"]
[BlackElo "2672"]

1.d4 Nf6 2.c4 e6 3.Nc3 Bb4 4.e3 O-O 5.Bd3 c5 6.Ne2 cxd4 7.exd4 d5 8.O-O dxc4
9.Bxc4 Nbd7 10.Bf4 Nb6 11.Bb3 Bd7 12.Qd3 Bc6 13.Rad1 Re8 14.Bc2 g6 15.Be5 Nbd7
16.Qh3 Rc8 17.g4 Nd5 18.Bg3 Qa5 19.Ne4 Qxa2 20.Nf4 Nxf4 21.Bxf4 Be7 22.Bb3 Qxb2
23.d5 exd5 24.Bxd5 Bxd5 25.Rxd5 Qe2 26.Ng3 Qe6 27.Rfd1 Nf6 28.Rb5 Bc5 29.Nf5 gxf5
30.gxf5 Bxf2+ 31.Kh1 Qe4+ 32.Qg2+ Ng4  0-1

[Event "32nd Cappelle Open 2016"]
[Site "Cappelle la Grande FRA"]
[Date "2016.02.19"]
[Round "8.1"]
[White "Kamsky,G"]
[Black "Gurevich,M"]
[Result "1-0"]
[WhiteElo "2667"]
[BlackElo "2542"]

1.d4 d5 2.Bf4 c6 3.e3 Bf5 4.c4 e6 5.Qb3 Qb6 6.c5 Qxb3 7.axb3 Bxb1 8.Rxb1 Nd7
9.b4 a6 10.Nf3 Ngf6 11.h3 Be7 12.Nd2 O-O 13.Nb3 Bd8 14.Na5 Bxa5 15.bxa5 Rfe8
16.f3 e5 17.dxe5 Nxe5 18.Kf2 Re6 19.Rc1 Rae8 20.Rc3 Nfd7 21.h4 f5 22.h5 Nf6
23.Rh4 R8e7 24.Bh2 Neg4+ 25.fxg4 Ne4+ 26.Kg1 Nxc3 27.bxc3 Rxe3 28.gxf5 R7e4
29.Rxe4 Rxe4 30.Kf2 h6 31.Bc7 Re7 32.Bd6 Re4 33.f6 gxf6 34.Bd3 Ra4 35.Bc7 Ra2+
36.Kf3 Ra3 37.Ke3 Rxc3 38.Kd4 Rc1 39.Bf4 Rh1 40.Bf5 Kg7 41.Bc8 Rb1 42.Bc7 Re1
43.Bd6 Rb1 44.Kc3 Rb5 45.Bc7 Rxc5+ 46.Kd3 Rb5 47.Bb6 c5 48.Bxb7 d4 49.Bxa6 Rb3+
50.Kc2 Rg3 51.Bb7 Ra3 52.a6 d3+ 53.Kb2 d2 54.Kc2 Ra2+ 55.Kd1  1-0

[Event "32nd Cappelle Open 2016"]
[Site "Cappelle la Grande FRA"]
[Date "2016.02.20"]
[Round "9.1"]
[White "Vovk,A"]
[Black "Kamsky,G"]
[Result "1/2-1/2"]
[WhiteElo "2632"]
[BlackElo "2667"]

1.e4 c6 2.d4 d5 3.e5 Bf5 4.Nf3 e6 5.Be2 Ne7 6.O-O Nd7 7.a4 a6 8.a5 c5 9.Bg5 h6
10.Bxe7 Bxe7 11.c4 dxc4 12.Nc3 cxd4 13.Qxd4 Qc7 14.Ra4 Rd8 15.Qxc4 Qb8 16.Qf4 O-O
17.Nd5 Bc5 18.Ne3 Bg6 19.Rc4 b5 20.axb6 Qxb6  1/2-1/2

[Event "Aeroflot Open A 2016"]
[Site "Moscow RUS"]
[Date "2016.03.06"]
[Round "6.13"]
[White "Kamsky,G"]
[Black "Salem,AR"]
[Result "1-0"]
[WhiteElo "2673"]
[BlackElo "2615"]

1.e4 c5 2.Nf3 d6 3.d4 cxd4 4.Nxd4 Nf6 5.Nc3 a6 6.a4 Nc6 7.a5 Nxa5 8.Nd5 e6
9.Nxf6+ gxf6 10.Bd2 Nc6 11.Nxc6 bxc6 12.Bd3 h5 13.O-O d5 14.Ba5 Qd6 15.Bc3 Be7
16.Ra4 e5 17.Qe2 Bg4 18.f3 Be6 19.Kh1 h4 20.h3 Rg8 21.Rfa1 Qb8 22.b4 Bd7
23.Rxa6 Rxa6 24.Rxa6 Qc8 25.Qf1 Bd8 26.Be1 Rh8 27.Bf2 d4 28.Kh2 Bc7 29.b5 cxb5
30.Bxb5 Ke7 31.Be1 Kf8 32.Bxd7 Qxd7 33.Rxf6 Rh5 34.Qa6 Kg7 35.Bd2 Bd8 36.Rd6 Qc7
37.Rc6 Qd7 38.Rh6 Rg5 39.Qd6 Qe8 40.Rxh4 Rg6 41.Rg4 Rxg4 42.fxg4 Kg8 43.g5  1-0

[Event "National Open 2016"]
[Site "Las Vegas USA"]
[Date "2016.06.26"]
[Round "5"]
[White "Kamsky,G"]
[Black "Li,Ruifeng"]
[Result "1/2-1/2"]
[WhiteElo "2675"]
[BlackElo "2529"]

1.e4 c5 2.Nf3 d6 3.d4 cxd4 4.Nxd4 Nf6 5.Nc3 a6 6.Be3 e5 7.Nf3 Qc7 8.a4 Be6
9.a5 Qc6 10.Ng5 d5 11.exd5 Bxd5 12.Ra4 h6 13.Nxd5 Nxd5 14.Rc4 Qd7 15.Nf3 Nxe3
16.Qxd7+ Kxd7 17.fxe3 Nc6 18.c3 Nxa5 19.Nxe5+ Ke6 20.Re4 f5 21.Ra4 Kxe5 22.Rxa5+ Kf6
23.g4 fxg4 24.Bc4 g5 25.O-O+ Kg6 26.Bf7+ Kh7 27.Bd5 Kg6 28.Bxb7 Rb8 29.Bd5 Kh5
30.Rf2 Rb6 31.Kg2 Bg7 32.Ra4 Rhb8 33.h3 gxh3+ 34.Kxh3 Kg6 35.Be4+ Kh5 36.Bf3+ Kg6
37.Be4+ Kh5 38.Bf5 Rxb2 39.Rxb2 Rxb2 40.Rxa6 g4+ 41.Bxg4+ Kg5 42.Ra5+ Kg6
43.Bf5+ Kf7 44.Ra7+ Kf8 45.Ra3 Rb5 46.Bd3 Re5 47.e4 Rc5 48.c4 Bf6 49.Be2 Ke7
50.Ra6 h5 51.Kg3 h4+ 52.Kf4 Bg5+ 53.Kf3 Kd7 54.Bf1 Ke7 55.Rb6 Ra5 56.Kg4 Re5
57.Rc6 Ra5 58.Rc7+ Kd6 59.Rf7 Be7 60.Kf4 Bg5+ 61.Kg4 Be7 62.Rh7 Bf6 63.Rh6 Ke7
64.Rh7+ Kd6 65.Bh3 Rc5 66.Ra7 Rxc4 67.Kf5 Bc3 68.e5+ Bxe5 69.Ra6+ Rc6 70.Ke4  1/2-1/2

[Event "US Chess Masters 2016"]
[Site "Greensboro USA"]
[Date "2016.08.28"]
[Round "7.1"]
[White "Stukopin,A"]
[Black "Kamsky,G"]
[Result "1-0"]
[WhiteElo "2586"]
[BlackElo "2638"]

1.e4 c5 2.Nf3 e6 3.d4 cxd4 4.Nxd4 a6 5.Bd3 Bc5 6.Nb3 Ba7 7.O-O d6 8.Qg4 Nf6
9.Qxg7 Rg8 10.Qh6 Nc6 11.Bg5 Rg6 12.Qh4 Ne5 13.N1d2 Bd7 14.Rae1 Bb5 15.Bxb5+ axb5
16.h3 Rc8 17.c3 Nd3 18.Re3 Ne5 19.Rg3 Kd7 20.Nf3 Qg8 21.Nxe5+ dxe5 22.Rd3+ Nd5
23.exd5 Rxg5 24.dxe6+ Kxe6 25.Qe4 Qg6 26.Qxb7 Qxd3 27.Qxc8+ Kf6 28.h4 Rg6
29.h5 Rg5 30.Qa6+ Kg7 31.h6+ Kf8 32.Qxa7 Qf3 33.Qb8+ Ke7 34.Qxe5+  1-0

[Event "St.Petersburg Summer Open"]
[Site "St Petersburg RUS"]
[Date "2017.08.19"]
[Round "4.8"]
[White "Tran,Minh Thang"]
[Black "Kamsky,G"]
[Result "0-1"]
[WhiteElo "2367"]
[BlackElo "2678"]

1.d4 Nf6 2.c4 e6 3.Nc3 Bb4 4.e3 O-O 5.Ne2 d5 6.a3 Bd6 7.Ng3 c6 8.Bd3 e5 9.dxe5 Bxe5
10.Qc2 Re8 11.O-O h5 12.Rd1 h4 13.Nf1 h3 14.g3 Bg4 15.Be2 Qc8 16.f3 Be6 17.b3 Bf5
18.Bd3 Bxd3 19.Qxd3 Nbd7 20.cxd5 Bxc3 21.Qxc3 Ne5 22.Nd2 Nxd5 23.Qd4 Qf5
24.Bb2 Qxf3 25.Nxf3 Nxf3+ 26.Kf2 Nxd4 27.Bxd4 Re4 28.Kf3 f5 29.g4 Rxg4 30.Rg1 Re8
31.Rxg4 fxg4+ 32.Ke2 c5 33.Bxc5 Nc3+ 34.Kd3 Ne4  0-1

[Event "World Blitz 2018"]
[Site "St Petersburg RUS"]
[Date "2018.12.30"]
[Round "17.16"]
[White "Smirin,I"]
[Black "Kamsky,G"]
[Result "0-1"]
[WhiteElo "2609"]
[BlackElo "2666"]

1.e4 e5 2.Nf3 Nc6 3.Bb5 a6 4.Ba4 Nf6 5.O-O Be7 6.Re1 b5 7.Bb3 d6 8.c3 O-O
9.h3 Nb8 10.d4 Nbd7 11.c4 c6 12.a3 Bb7 13.Nc3 Rb8 14.Be3 Ba8 15.Qc2 h6 16.Rad1 Qc7
17.Ba2 Rbc8 18.Rc1 Qb8 19.Nh4 Rfe8 20.Nf5 Bf8 21.cxb5 axb5 22.Qb3 Re6 23.Qd1 d5
24.Qf3 exd4 25.Bxd4 Rce8 26.Red1 Nxe4 27.Qg4 Ndf6 28.Qh4 Nxc3 29.Bxc3 Ne4
30.Rf1 Nxc3 31.Rxc3 Re4 32.f4 Qd8 33.Qg4 Qf6 34.Rg3 c5 35.Bb1 Re1 36.Rf3 d4
37.Rf2 c4 38.Ng3 d3 39.Qd7 Bc5 40.Kh2 Bxf2 41.Rxf2 Qd8 42.Qg4 Rxb1 43.Nh5 g6
44.f5 Qd6+ 45.Rf4 g5 46.f6 d2  0-1

[Event "Korchnoi Memorial Open"]
[Site "St Petersburg RUS"]
[Date "2019.08.20"]
[Round "7.1"]
[White "Kamsky,G"]
[Black "Yatzenko,A"]
[Result "1/2-1/2"]
[WhiteElo "2673"]
[BlackElo "2360"]

1.e4 e5 2.Nf3 Nc6 3.Bb5 Nf6 4.O-O Nxe4 5.d4 Nd6 6.Bxc6 dxc6 7.dxe5 Nf5 8.Qxd8+ Kxd8
9.Rd1+ Ke8 10.Nc3 Be7 11.h3 h5 12.Bf4 Be6 13.b3 Rd8 14.g3 b6 15.Kg2 Rd7 16.Rxd7 Kxd7
17.Rd1+ Kc8 18.Ng5 Bxg5 19.Bxg5 c5 20.Ne2 Bd7 21.g4 hxg4 22.hxg4 Nh6 23.Bxh6 gxh6
24.f3 Re8 25.Rh1 Rxe5 26.Kf2 Re6 27.Ng3 Rf6 28.Ne4 Rg6 29.Rh5 c4 30.b4 Kd8
31.Ke3 Ke7 32.Ng3 Re6+ 33.Kd4 Rf6 34.Ke3 Re6+ 35.Kd4 Rf6 36.Ke4  1/2-1/2

[Event "23rd OIBM 2019"]
[Site "Tegernsee GER"]
[Date "2019.11.01"]
[Round "7.7"]
[White "Kamsky,G"]
[Black "Zajogin,A"]
[Result "1-0"]
[WhiteElo "2685"]
[BlackElo "2426"]

1.d4 Nf6 2.Nf3 e6 3.Bf4 c5 4.e3 cxd4 5.exd4 b6 6.a4 Ba6 7.Bxa6 Nxa6 8.O-O Be7
9.Ne5 Qc8 10.Nd2 O-O 11.c3 Qb7 12.Qe2 Nc7 13.Bg5 Ncd5 14.f4 h6 15.Bxf6 Nxf6
16.Rae1 g6 17.Rf3 d6 18.Nxg6 fxg6 19.Qxe6+ Rf7 20.Rg3 g5 21.fxg5 hxg5 22.Rxg5+ Kf8
23.Nf3 Qd7 24.Qe3 Ng8 25.Rg6 Qf5 26.Re6 Kg7 27.Qe4 Qxe4 28.R1xe4 Rd8 29.Kf2 Bf6
30.Rg4+ Kh7 31.Ke2 Re7 32.Rxe7+ Nxe7 33.Kd3 d5 34.b3 Nf5 35.Rf4 Kg6 36.g4 Nd6
37.h4 Bg7 38.c4 dxc4+ 39.bxc4 Rc8 40.Ne5+ Bxe5 41.dxe5 Nb7 42.Rf6+ Kg7 43.h5 Nc5+
44.Kd4 Nxa4 45.h6+ Kh7 46.e6 Nc5 47.g5 Rg8 48.e7 Re8 49.Rf7+ Kg6 50.Rg7+ Kf5
51.Kd5 Ne4 52.Kc6 Rh8 53.h7 Nxg5 54.Rf7+  1-0